| 000 | 00901nas a2200289 4500 | ||
|---|---|---|---|
| 001 | BR2013007150 | ||
| 003 | BR-BrBNA | ||
| 005 | 20231205122909.0 | ||
| 007 | ta | ||
| 008 | 230509b bl.|||p| |||| 00| 00por d | ||
| 040 |
_aBR-BrBNA _bpor _cBiblioteca Nacional de Agricultura |
||
| 041 | _a(Pt) | ||
| 072 | _aP33 | ||
| 100 | 1 | _aToma, R.S. | |
| 100 | 1 | _aCooper, M. | |
| 100 | 1 | _aTavares, M.F. | |
| 100 | 1 | _aCarvalho, C.C. de | |
| 100 | 1 | _aTeato, A.C. | |
| 245 | 1 | _aEvolução temporal do comportamento físico-hídrico do solo de um sistema agroflorestal no Vale do Ribeira - SP | |
| 650 | _aCONDUTIVIDADE ELÉTRICA | ||
| 650 | _aANÁLISE DO SOLO | ||
| 650 | _aFÍSICA | ||
| 650 | _aCONSERVAÇÃO DO SOLO | ||
| 773 | 0 |
_tScientia Forestalis (Brazil) _xISSN 1413-9324 _g(Jun 2013), v. 41(98) p. 237-248 _wBR2013007150 |
|
| 909 |
_a202311 _bLúcia _c55 _dLúcia Elande |
||
| 942 |
_2AGRIS _n0 _cANA |
||
| 999 |
_c231142 _d231142 |
||